Normal view
MARC view
- السيوطي، جلال الدين عبد الرحمن بن ابي بكر ، تحقيق عبد القادر
Entry Personal Name
001 - CONTROL NUMBER
- control field: 39539
003 - CONTROL NUMBER IDENTIFIER
- control field: JO-AjAnu
005 - DATE AND TIME OF LATEST TRANSACTION
- control field: 20230606080556.0
008 - FIXED-LENGTH DATA ELEMENTS
- fixed length control field: 230606|| aca||aabn | a|a d
040 ## - CATALOGING SOURCE
- Original cataloging agency: JO-AjAnu
- Transcribing agency: JO-AjAnu
100 ## - HEADING--PERSONAL NAME
- Personal name: السيوطي، جلال الدين عبد الرحمن بن ابي بكر ، تحقيق عبد القادر
670 ## - SOURCE DATA FOUND
- Source citation: Work cat.: (JO-AjAnu)20275: السيوطي، جلال الدين عبد الرحمن بن ابي بكر ، تحقيق عبد القادر , author, الوسائل الى معرفة الأوائل